Recurso de Apelación en materia Penal.

Saved in:
Bibliografiske detaljer
Hovedforfatter: Ríos Álvarez, Rodrigo (autor)
Format: Ukendt
Udgivet: Santiago, Chile: Ediciones DER, 2024.
Udgivelse:Segunda edición, actualizada y complementada
Serier:Cuadernos Jurídicos
Fag:
Tags: Tilføj Tag
Ingen Tags, Vær først til at tagge denne postø!

MARC

LEADER 00000 a2200000 4500
003 CL-VaPUC
005 20240531091145.0
008 240529t2024 ||||| |||| 00| 0 eng d
999 |c 443789  |d 443787 
020 |a 978-956-405-186-4 
040 |c Pontificia Universidad Católica de Valparaíso 
082 7 |2 22  |a 347.8308 RIO 2024  
100 |a Ríos Álvarez, Rodrigo  |9 863825  |e autor 
245 |a Recurso de Apelación en materia Penal.  
250 |a Segunda edición, actualizada y complementada 
260 |a Santiago, Chile:  |b Ediciones DER,  |c 2024. 
300 |a 165 páginas. 
490 |a Cuadernos Jurídicos 
583 |k GC  |c 20240529 
650 0 |9 11  |a Derecho penal  |x Apelación   |x Jurisprudencia  |z Chile 
650 0 |9 870742  |a Código procesal penal  |x Apelación   |x Artículo 364  |z Chile  
942 |2 ddc  |c BK 
952 |0 0  |1 0  |2 ddc  |4 0  |6 347_830800000000000_RIO_2024  |7 0  |8 A  |9 594878  |a BIBDER  |b BIBDER  |d 2024-05-29  |e 22  |g 22000.00  |i 5661432  |o 347.8308 RIO 2024  |p 5661432  |r 2024-05-29  |t 1  |v 22000.00  |w 2024-05-29  |y BK  |k DER